00714nam a22002297a 450000500170000001000130001702000220003003500130005203700160006504000120008108200170009310000180011024500920012826000450022027000480026530000220031349000510033550000510038665000170043765000110045470000190046520170124110041.0 aA-845970 c80.00a8170188911 aA-845970 bCen Lib/Ret aDPLbEN a882.08bMIS  aMishra, L.N.  aSri aurbindo's dramatic theoryand practice /cby L.N. Mishra ; edited by A. N. Dwivedi bB.R publishing corporation c1996aDelhi aA-6,Nimri Commercial Centre bDelhie110052 ax,244p.c19cm(Hb) aIndia writers series ; edited by A. N. Dwivedi aIncludes bibliographical references and index  a literature  apoetry aDwivedi, A. N.